Normal view
MARC view
Entry Topical Term
001 - CONTROL NUMBER
- control field: 11389
003 - CONTROL NUMBER IDENTIFIER
- control field: OSt
005 - DATE AND TIME OF LATEST TRANSACTION
- control field: 20170113125111.0
008 - FIXED-LENGTH DATA ELEMENTS
- fixed length control field: 170113|| aca||aabn | a|a d
040 ## - CATALOGING SOURCE
- Original cataloging agency: OSt
- Transcribing agency: OSt
150 ## - HEADING--TOPICAL TERM
- Topical term or geographic name entry element: Food poisoning
670 ## - SOURCE DATA FOUND
- Source citation: Work cat.: (OSt)4543: World Health Organization 3669, Foodborne Disease Outbreaks :, 2008.
